Underground rappers quiz - Statistics

General Stats
  • This quiz has been taken 1,231 times
  • The average score is 8 of 16
Answer Stats
Picture Answer % Correct
Nettspend
99%
Osamason
97%
Xaviersobased
94%
Che
85%
Fakemink
82%
Jaydes
71%
1oneam
70%
Feng
70%
Phreshboyswag
58%
Prettifun
36%
YT
33%
Juggmyslatt
20%
Sixzino
4%
Bronclair
2%
Sniper2006
2%
Lonechxppa
1%
No matching quizzes found
Score Distribution
Percent of People with Each Score
Percentile by Number Answered
Your Score History
You have not taken this quiz